Vista normal
Vista MARC
Entrada Materia (personas)
Número de registros utilizados en: 1
001 - CONTROL NUMBER
- control field: 158975
003 - CONTROL NUMBER IDENTIFIER
- control field: Co-BoUCM
005 - DATE AND TIME OF LATEST TRANSACTION
- control field: 20211110132758.0
008 - FIXED-LENGTH DATA ELEMENTS
- fixed length control field: 211110|| aca||aabn | a|a d
040 ## - CATALOGING SOURCE
- Original cataloging agency: Co-BoUCM
- Transcribing agency: Co-BoUCM
100 ## - HEADING--PERSONAL NAME
- Personal name: Giraldo Angel, Jaime
- Dates associated with a name: 1930-
670 ## - SOURCE DATA FOUND
- Source citation: Work cat.: (Co-BoUCM)36127: Giraldo Angel, Jaime 1930-, Metodología y técnica de la investigación bibliográfica, 1989